MARC

LEADER 00000nam0a2200000 4500
001 35130
005 20231030232644.0
010 |a 5283030636 
035 |a (RuTPU)RU\TPU\book\35552 
035 |a BOOK00002204 
090 |a 35130 
100 |a 20011210d1991 k y0rusy50 ca 
101 0 |a rus 
102 |a RU 
105 |a y g 000zy 
200 1 |a Справочник по радиационной безопасности  |f В. Ф. Козлов 
205 |a 4-е изд., перераб. и доп. 
210 |a Москва  |c Энергоатомиздат  |d 1991 
215 |a 352 с. 
451 1 |0 (RuTPU)RU\TPU\book\15274  |y 5-283-03063-6  |t Справочник по радиационной безопасности  |f В. Ф. Козлов  |e 5-е изд., перераб. и доп.  |c Москва  |n Энергоатомиздат  |d 1999  |p 520 с.  |a Козлов, Владимир Федорович 
451 1 |0 (RuTPU)RU\TPU\book\35551  |t Справочник по радиационной безопасности  |f В. Ф. Козлов  |e 3-е изд., перераб. и доп.  |c Москва  |n Энергоатомиздат  |d 1987  |p 191 с.  |a Козлов, Владимир Федорович 
610 1 |a радиационные приборы 
610 1 |a комплексы 
610 1 |a радиационная гигиена 
610 1 |a излучения 
610 1 |a биологические действия 
610 1 |a облучения 
610 1 |a уровни 
610 1 |a допустимые дозы 
610 1 |a защита от излучений 
610 1 |a термины 
610 1 |a ионизирующие излучения 
610 1 |a дозиметрия 
610 1 |a градуировка 
610 1 |a радиационная безопасность 
610 1 |a справочники 
675 |a 614.876(035)  |v 3 
700 1 |a Козлов  |b В. Ф.  |g Владимир Федорович 
801 0 |a RU  |b 63413507  |c 20011210  |g PSBO 
801 2 |a RU  |b 63413507  |c 20230214  |g PSBO 
900 |a Медицинские радиационные приборы и комплексы 
942 |c BK